000
00263nam a2200121 a 4500
008
101208s1975|||| d
100
1
_a
Šmok, J.
245
1
0
_a
Diapozitivy v praxi
260
_b
CVSSA
_a
Praha
_c
1975
020
_c
23
041
_a
ces
044
_a
CZ
999
_c
13927
_d
13927